| 000 | 02042nam2a2200277 4500 | ||
|---|---|---|---|
| 001 | RU\NLR\BIBL_A\022095122 | ||
| 005 | 20250625120222.0 | ||
| 010 |
_a978-5-9275-4462-2 _bч. 2 _9100 |
||
| 035 | _a(NLR Aleph) 022095122 | ||
| 090 |
_a12728841 _c12728841 |
||
| 100 | _a20231212d2023 |||y0rusy50 ca | ||
| 101 | 0 | _arus | |
| 102 | _aRU | ||
| 105 | _aa j 000yy | ||
| 200 | 1 | _aДеятельность человека, управление деятельностью и её безопасность | |
| 210 |
_d2023 _aБ. м. |
||
| 215 |
_a304 с. _cил., табл. |
||
| 320 | _aБиблиогр.: с. 293-304 (151 назв.) | ||
| 461 | 0 |
_1001RU\NLR\BIBL_A\012828607 _12001#$aВведение в интегральную антропологию$eучебное пособие$eв трех частях$fА. В. Непомнящий$gМинистерство науки и высшего образования Российской Федерации, Федеральное государственное автономное образовательное учреждение высшего образования "Южный федеральный университет", Инженерно-технологическая академия, Институт компьютерных технологий и информационной безопасности$vЧ. 2 _1700#1$aНепомнящий$bА. В.$gАнатолий Владимирович _912349078 _aНепомнящий, А. В. _cРостов-на-Дону _d2021 _e2-е изд., доп. и перераб. _fА. В. Непомнящий _nИзд-во Южного федерального университета _oучебное пособие : в трех частях _tВведение в интегральную антропологию _y9785927539376 _vЧ. 2 |
|
| 606 | 1 |
_aДеятельность _9956376 _3RU\NLR\AUTH\66356478 |
|
| 686 | 1 | _aЮ936.1 | |
| 686 | 1 | _aЮ212.26 | |
| 942 | _cBOOK | ||
| 980 | _aNB | ||